[Event "Titled Tuesday intern op 2nd May"]
[Site "Chess.com INT"]
[Date "2015.05.05"]
[Round "4"]
[White "Gandhi, Ashok"]
[Black "Zaksaite, Salomeja"]
[Result "0-1"]
[WhiteElo "2077"]
[BlackElo "2203"]
[PlyCount "86"]
[EventDate "2015.05.05"]
[EventType "swiss (blitz)"]
[EventRounds "9"]
[EventCountry "USA"]
[SourceTitle "EXT 2021"]
[Source "ChessBase"]
[SourceDate "2020.10.23"]
[SourceVersion "1"]
[SourceVersionDate "2020.10.23"]
[SourceQuality "1"]

1. d4 Nf6 2. Nf3 g6 3. c3 Bg7 4. h3 d5 5. Nbd2 h6 6. e3 Bf5 7. Qb3 Qc8 8. Be2 Nc6 9. 0-0 0-0 10. c4 dxc4 11. Nxc4 Ne4 12. Nfd2 Nd6 13. Bf3 a5 14. Bxc6 bxc6 15. Re1 a4 16. Qd1 Be6 17. Ne5 c5 18. Ndf3 cxd4 19. Nc6 Qd7 20. Ncxd4 Bc4 21. Qc2 c5 22. Ne2 a3 23. Nc3 axb2 24. Bxb2 Be6 25. Red1 Qc8 26. Ne2 Bf5 27. Qc1 Bxb2 28. Qxb2 Qc7 29. Nh4 Be6 30. Qe5 Bxa2 31. Nxg6 fxg6 32. Rxa2 Rxa2 33. Qe6+ Kh7 34. Qxa2 c4 35. Nc3 Qc5 36. Rd4 Qe5 37. Qa6 Rb8 38. g3 Rb2 39. Qa7 Rc2 40. Nb5 Nxb5 41. Qb7 Nxd4 42. exd4 Qe1+ 43. Kg2 Qxf2+ 0-1

[Event "Titled Tuesday intern op 2nd May"]
[Site "Chess.com INT"]
[Date "2015.05.05"]
[Round "2"]
[White "Niemann, Hans Moke"]
[Black "Gandhi, Ashok"]
[Result "1-0"]
[WhiteElo "2173"]
[BlackElo "2077"]
[PlyCount "91"]
[EventDate "2015.05.05"]
[EventType "swiss (blitz)"]
[EventRounds "9"]
[EventCountry "USA"]
[SourceTitle "EXT 2021"]
[Source "ChessBase"]
[SourceDate "2020.10.23"]
[SourceVersion "1"]
[SourceVersionDate "2020.10.23"]
[SourceQuality "1"]

1. d4 d5 2. c4 e6 3. Nf3 Nf6 4. g3 Be7 5. Bg2 Nbd7 6. 0-0 c5 7. cxd5 exd5 8. Nc3 0-0 9. Bf4 Nb6 10. Nb5 Be6 11. Nc7 Rc8 12. Nxe6 fxe6 13. Ng5 Qd7 14. Bh3 Rc6 15. Nf3 Bd6 16. Be3 c4 17. Ne5 Bxe5 18. dxe5 Ne4 19. f3 Nc5 20. f4 Ne4 21. Bg2 Rd8 22. Qc2 Nc5 23. Rad1 Na6 24. a3 Rdc8 25. f5 exf5 26. Bxb6 Rxb6 27. Bxd5+ Kh8 28. e6 Qe7 29. Qxf5 Nc5 30. Qf7 Qxf7 31. exf7 Rf8 32. Bxc4 g6 33. b4 Ne4 34. Rf4 Nd6 35. Bb3 Nf5 36. e4 Ne3 37. Rd3 g5 38. Rf3 Ng4 39. Rf5 Nh6 40. Rf1 Rc6 41. e5 Kg7 42. e6 Rc7 43. Rfd1 Re7 44. Rd8 Nf5 45. Rxf8 Kxf8 46. Rd8+ 1-0

[Event "Titled Tuesday intern op 2nd May"]
[Site "Chess.com INT"]
[Date "2015.05.05"]
[Round "6"]
[White "Terletsky, Oleg"]
[Black "Gandhi, Ashok"]
[Result "1-0"]
[WhiteElo "2227"]
[BlackElo "2077"]
[PlyCount "53"]
[EventDate "2015.05.05"]
[EventType "swiss (blitz)"]
[EventRounds "9"]
[EventCountry "USA"]
[SourceTitle "EXT 2021"]
[Source "ChessBase"]
[SourceDate "2020.10.23"]
[SourceVersion "1"]
[SourceVersionDate "2020.10.23"]
[SourceQuality "1"]

1. e4 e5 2. Nf3 Nc6 3. Bc4 d6 4. d4 exd4 5. Nxd4 Be7 6. Nxc6 bxc6 7. Qh5 g6 8. Qf3 Nf6 9. Bh6 Bg4 10. Qf4 Qd7 11. Bg7 d5 12. Be2 Nh5 13. Bxg4 Nxf4 14. Bxd7+ Kxd7 15. Bxh8 Rxh8 16. g3 Ne6 17. Nd2 Rb8 18. 0-0-0 Bf6 19. c3 Nc5 20. Kc2 Na4 21. Nb3 Ke6 22. exd5+ cxd5 23. Rhe1+ Kf5 24. Rxd5+ Kg4 25. Re4+ Kf3 26. Rxa4 Kxf2 27. Rf4+ 1-0

[Event "Titled Tuesday intern op 3rd March"]
[Site "Chess.com INT"]
[Date "2015.03.03"]
[Round "2"]
[White "Costa, Paulo Cesar"]
[Black "Gandhi, Ashok"]
[Result "1-0"]
[WhiteElo "2007"]
[BlackElo "2077"]
[PlyCount "109"]
[EventDate "2015.03.03"]
[EventType "swiss (blitz)"]
[EventRounds "9"]
[EventCountry "USA"]
[SourceTitle "EXT 2021"]
[Source "ChessBase"]
[SourceDate "2020.10.23"]
[SourceVersion "1"]
[SourceVersionDate "2020.10.23"]
[SourceQuality "1"]

1. Nf3 d5 2. c4 e6 3. d4 Nf6 4. Nc3 Be7 5. Bg5 0-0 6. e3 a6 7. a4 Nbd7 8. Bd3 dxc4 9. Bxc4 b6 10. 0-0 Bb7 11. Qe2 c5 12. Rfd1 Qc7 13. Bf4 Bd6 14. Bxd6 Qxd6 15. Rac1 Qb8 16. Bd3 cxd4 17. Nxd4 Nc5 18. Bc2 Qa7 19. b4 Nce4 20. Nxe4 Bxe4 21. Bxe4 Nxe4 22. Qf3 Nf6 23. Nc6 Qb7 24. Ne5 Qxf3 25. Nxf3 Rac8 26. Kf1 Rfe8 27. Ne5 Nd5 28. b5 axb5 29. axb5 Nc3 30. Rd6 Nxb5 31. Rxc8 Nxd6 32. Rc6 Nc8 33. Nd7 b5 34. Nb6 Na7 35. Rc7 b4 36. Rxa7 g6 37. Ke2 Rb8 38. Ra8 Rxa8 39. Nxa8 Kf8 40. Kd2 Ke7 41. Nb6 Kd6 42. Nc4+ Kc5 43. Nb2 e5 44. f3 f5 45. Kd3 g5 46. Na4+ Kb5 47. Nb2 h5 48. g3 Kc5 49. Na4+ Kb5 50. Nb2 Kc5 51. h3 g4 52. fxg4 f4 53. exf4 exf4 54. gxf4 hxg4 55. hxg4 1-0

[Event "Titled Tuesday intern op 3rd March"]
[Site "Chess.com INT"]
[Date "2015.03.03"]
[Round "5"]
[White "Gandhi, Ashok"]
[Black "Lopez Idarraga, Daniel Eduardo"]
[Result "1-0"]
[WhiteElo "2077"]
[BlackElo "2073"]
[PlyCount "73"]
[EventDate "2015.03.03"]
[EventType "swiss (blitz)"]
[EventRounds "9"]
[EventCountry "USA"]
[SourceTitle "EXT 2021"]
[Source "ChessBase"]
[SourceDate "2020.10.23"]
[SourceVersion "1"]
[SourceVersionDate "2020.10.23"]
[SourceQuality "1"]

1. d4 d5 2. Nf3 c6 3. e3 Bf5 4. Bd3 Bxd3 5. cxd3 Nd7 6. 0-0 Ngf6 7. Nc3 e6 8. e4 Be7 9. Qb3 Qb6 10. Qc2 0-0 11. Re1 Rac8 12. Bf4 c5 13. Na4 Qa5 14. dxc5 Nxc5 15. Nxc5 Qxc5 16. Qxc5 Rxc5 17. Be3 Rc2 18. b3 dxe4 19. dxe4 Nxe4 20. Bxa7 Bc5 21. Bxc5 Nxc5 22. Rec1 Rxc1+ 23. Rxc1 b6 24. Ne5 f6 25. Nc4 Ra8 26. Rc2 Nxb3 27. Nxb6 Rd8 28. g3 Nd4 29. Rc7 e5 30. a4 e4 31. a5 g5 32. a6 Nf3+ 33. Kg2 Ne1+ 34. Kf1 Rd1 35. Ke2 Ra1 36. a7 Nd3 37. a8Q+ 1-0